01219nam a22002657a 4500003000400000005001700004008004100021040002200062082001500084100003200099245002500131260003000156300001800186505007400204505009100278505013900369505004200508505009000550650004100640650005500681650005000736942002600786999001500812952012600827OSt20230823144114.0221006b |||||||| |||| 00| 0 eng d cBiblioteca Lado V a700bR331a 9962aReeve, Charleseeditor aART PAPERS MAGAZINE/ c2002bMITPREESSaHonduras c22x28cma62p. tFEATURESaThe Passenger Lay Miserables Is there a "Post-Black" Art? tCOLUMNS AND RESOURCESaHeadlines In Brazil Sound Bytes Readings Art Resource Guide tPATRIMONIO CULTURALaEL MUNICIPIO REPUBLICANO EN HONDURAS, EL CASO DE COMAYAGÜELA COMAYAGÜELA EN LOS TIEMPOS DE LA ORQUESTA VERDI tActualidad del Teatro Centroamericano tLa formación de artistas profesionales en la universidad de San Carlos de Guatemala 2Tesauro de Arte & ArquitecturaaARTE 2Tesauro de Arte & ArquitecturaaEXHIBICIONES 9702 2Tesauro de Arte & ArquitecturaaANALISIS9703 2ddcc1h700iR331an0 c4198d4198 00102ddc3200240708RevistasaLVbLVd2023-08-23h11i002837l0o700 R331ap002837r2023-08-23 00:00:00w2023-08-23y1